| 000 | 00384pab a2200157 454500 | ||
|---|---|---|---|
| 008 | 180718b1998 xxu||||| |||| 00| 0 eng d | ||
| 100 | _aDutta, L.N. | ||
| 245 | _aIndian banking in the post-reform era | ||
| 260 | _c1998 | ||
| 300 | _ap.191-99 | ||
| 362 | _aJul-Dec | ||
| 650 | _aBanks - India | ||
| 650 | _aBanks | ||
| 773 | _aPolitical Economy Journal of India | ||
| 909 | _a40550 | ||
| 999 |
_c40550 _d40550 |
||